000 00497nam a2200181Ia 4500
005 20250508161752.0
008 008 250505s9999 xx 000 0 eng d
037 _aTextual
040 _aFEDL
_beng
_cFEDL
041 _aeng
_2eng
084 _a914.36, EST
_qFEDL
100 _aEsterhazy Christa
_9771520
245 0 _aYoung traveller in Austria
260 _aLondon, UK
_bPhoenix House Ltd
_c1956
300 _a152p.
942 _cTEXL
_h914.36, EST
999 _c1372073
_d1372073